000 00567nam a2200205Ia 4500
005 20250508162837.0
008 008 250505s9999 xx 000 0 eng d
037 _aTextBook
040 _aFEDL
_beng
_cFEDL
041 _aeng
_2eng
084 _a371.2, MAT
_qFEDL
100 _aMathur S S
_9762455
245 0 _aEducational administration and management
260 _aAmbala, India
_bIndian Publications
_c1990
300 _a540p
365 _aINR
_b480
650 _aSchool Administration
942 _cTB
_h371.2, MAT
999 _c1379003
_d1379003